Online
Catalog

José Martí : (Record no. 45318)

MARC details
000 -CABECERA
campo de control de longitud fija 00589nam a2200157 a 4500
001 - NÚMERO DE CONTROL
campo de control 000045829
005 - FECHA Y HORA DE LA ÚLTIMA TRANSACCIÓN
campo de control 20201002052452.0
008 - DATOS DE LONGITUD FIJA--INFORMACIÓN GENERAL
campo de control de longitud fija 150518s2005 cu abc 000 0 spa d
040 ## - FUENTE DE LA CATALOGACIÓN
Centro catalogador/agencia de origen DO-SdBNP
Lengua de catalogación spaBNPHU
082 ## - NÚMERO DE LA CLASIFICACIÓN DECIMAL DEWEY
Número de clasificación xxxx
Número de documento/Ítem xxxx
100 1# - ENTRADA PRINCIPAL--NOMBRE DE PERSONA
Nombre de persona Blanco Hernández, Francisco
9 (RLIN) 73906
245 10 - MENCIÓN DE TÍTULO
Título José Martí :
Resto del título álbum de postales en colores /
Mención de responsabilidad, etc. Francisco Blanco Hernández ; Josefa Ma. Villa Díaz ; edición Manuel Pérez Alfaro.
260 ## - PUBLICACIÓN, DISTRIBUCIÓN, ETC.
Lugar de publicación, distribución, etc. La Habana, Cuba :
Nombre del editor, distribuidor, etc. Pablo de la Torriente,
Fecha de publicación, distribución, etc. 2005.
300 ## - DESCRIPCIÓN FÍSICA
Extensión 19 p. :
Otras características físicas il., mapas, retr. ;
Dimensiones 28 cm.
700 12 - PUNTO DE ACCESO ADICIONAL--NOMBRE DE PERSONA
Nombre de persona Villa Díaz, Josefa Ma.
9 (RLIN) 73907
Holdings
Estado de retiro Estado de pérdida Restricciones de uso No para préstamo Código de colección Localización permanente Ubicación/localización actual Ubicación en estantería Fecha de adquisición Número de inventario Total de préstamos Signatura topográfica completa Código de barras Fecha visto por última vez Precio válido a partir de Tipo de ítem Koha Número de copia
      Excluido de préstamo Monografías: Libros y Folletos General General En catalogación 18.05.2015 LF1   xxxx xxxx 45829-10 25.06.2020 25.06.2020 No se presta  
      Excluido de préstamo Monografías: Libros y Folletos General General En catalogación 18.05.2015 LF1   xxxx xxxx 45829-20 25.06.2020 25.06.2020 No se presta e. 2

Powered by Koha